000 02221nam a22002297a 4500
008 170804b xxu||||| |||| 00| 0 eng d
020 _a0-7879-0073-7 (alk. paper)
082 _21995
_aDC 378.1250973
_bD87
100 _921617
_aDuffy, Donna Killian.
245 _aTeaching within the rhythms of the semester /
_cDonna Killian Duffy, Janet Wright Jones.
250 _aFirst Edition
260 _aSan Francisco :
_bJossey-Bass,
_cc1995.
300 _axx, 259 pages :
_billustrations ;
_c24 cm.
440 _921618
_aJossey-Bass higher and adult education series.
500 _aIncludes bibliographical references (p. 239-251) and index.
505 _aPrelude to the semester -- Exploring teaching styles -- Creating magic in the classroom -- Stalking the superior syllabus -- Tempo of the semester -- The opening weeks: establishing community -- The interim weeks: beating the doldrums -- The final weeks: achieving closure.
520 _aTeaching Within the Rhythms of the Semester is a unique and far-reaching guide to teaching and learning that is organized around the ebbs and flows of energy that occur within the time frame of a course. It combines a lively and innovative balance of theory and application with practical techniques for creating successful learning experiences at each stage in a semester. Duffy and Jones discuss ways of teaching and ways of learning. They model practices that instructors at every level may use to get off to a good beginning, maintain motivation in the mid-semester doldrums, and achieve successful closure at the end. Duffy and Jones offer an excellent synthesis of the principles behind effective teaching. Each chapter opens with a vignette that illustrates some of the challenges teachers encounter in the classroom and the ways both they and their students respond to them. These realistic and engaging narratives are followed by a discussion of the educational, cognitive, and affective theories at work, as well as concrete suggestions - more than one hundred throughout the book - for similar classroom situations.
650 0 _921619
_aCollege teaching -- United States.
700 _921620
_aJones, Janet Wright.
365 _b1,560.00
_cPhp
942 _2ddc
_cDC
999 _c7157
_d7157